Secret of my success (Record no. 4010)

MARC details
000 -LEADER
fixed length control field 00458 a2200169 4500
000 - LEADER
fixed length control field BKB
001 - CONTROL NUMBER
control field 070579
005 - DATE AND TIME OF LATEST TRANSACTION
control field 20200902150842.0
008 - FIXED-LENGTH DATA ELEMENTS--GENERAL INFORMATION
fixed length control field
020 ## - INTERNATIONAL STANDARD BOOK NUMBER
International Standard Book Number 9780878939640
082 ## - DEWEY DECIMAL CLASSIFICATION NUMBER
Classification number 650.1
Item number O4S
100 1# - MAIN ENTRY--PERSONAL NAME
Personal name Oliver, Jamie X.
Dates associated with a name
245 1# - TITLE STATEMENT
Title Secret of my success
Statement of responsibility, etc by Jamie X. Oliver
260 ## - PUBLICATION, DISTRIBUTION, ETC. (IMPRINT)
Place of publication, distribution, etc New Delhi
Name of publisher, distributor, etc Viva Books
Date of publication, distribution, etc 2010
300 ## - PHYSICAL DESCRIPTION
Extent 210p.
690 ## - LOCAL SUBJECT ADDED ENTRY--TOPICAL TERM (OCLC, RLIN)
Topical term or geographic name as entry element Success; Success--Psychological aspects
Holdings
Withdrawn status Lost status Damaged status Not for loan Home library Current library Date acquired Cost, normal purchase price Total Checkouts Full call number Barcode Date last seen Price effective from Koha item type
        Central University Of Rajasthan Central University Of Rajasthan 07/03/2012 295.00   650.1 O4S 4866 21/11/2024 02/09/2020 Books